<?xml version="1.0" encoding="UTF-8"?><marc:collection xmlns:marc="http://www.loc.gov/MARC21/slim">
  <marc:record>
    <marc:leader>02997cam a2200565 c 4500</marc:leader>
    <marc:controlfield tag="001">1609186982</marc:controlfield>
    <marc:controlfield tag="003">DE-627</marc:controlfield>
    <marc:controlfield tag="005">20251225193647.0</marc:controlfield>
    <marc:controlfield tag="007">tu</marc:controlfield>
    <marc:controlfield tag="008">850101s1978    xx |||||      00| ||eng c</marc:controlfield>
    <marc:datafield tag="020" ind1=" " ind2=" ">
      <marc:subfield code="a">2827101432</marc:subfield>
      <marc:subfield code="9">2-8271-0143-2</marc:subfield>
    </marc:datafield>
    <marc:datafield tag="035" ind1=" " ind2=" ">
      <marc:subfield code="a">(DE-627)1609186982</marc:subfield>
    </marc:datafield>
    <marc:datafield tag="035" ind1=" " ind2=" ">
      <marc:subfield code="a">(DE-576)007197772</marc:subfield>
    </marc:datafield>
    <marc:datafield tag="035" ind1=" " ind2=" ">
      <marc:subfield code="a">(DE-599)BSZ007197772</marc:subfield>
    </marc:datafield>
    <marc:datafield tag="035" ind1=" " ind2=" ">
      <marc:subfield code="a">(OCoLC)05759164</marc:subfield>
    </marc:datafield>
    <marc:datafield tag="035" ind1=" " ind2=" ">
      <marc:subfield code="a">(DE-604)8035919922</marc:subfield>
    </marc:datafield>
    <marc:datafield tag="040" ind1=" " ind2=" ">
      <marc:subfield code="a">DE-627</marc:subfield>
      <marc:subfield code="b">ger</marc:subfield>
      <marc:subfield code="c">DE-627</marc:subfield>
      <marc:subfield code="e">rda</marc:subfield>
    </marc:datafield>
    <marc:datafield tag="041" ind1=" " ind2=" ">
      <marc:subfield code="a">eng</marc:subfield>
      <marc:subfield code="a">lat</marc:subfield>
    </marc:datafield>
    <marc:datafield tag="082" ind1="0" ind2=" ">
      <marc:subfield code="a">230/.14/0924</marc:subfield>
    </marc:datafield>
    <marc:datafield tag="084" ind1=" " ind2=" ">
      <marc:subfield code="a">1</marc:subfield>
      <marc:subfield code="2">ssgn</marc:subfield>
    </marc:datafield>
    <marc:datafield tag="084" ind1=" " ind2=" ">
      <marc:subfield code="a">BO 2060</marc:subfield>
      <marc:subfield code="2">rvk</marc:subfield>
      <marc:subfield code="0">(DE-625)rvk/14087:</marc:subfield>
    </marc:datafield>
    <marc:datafield tag="084" ind1=" " ind2=" ">
      <marc:subfield code="a">BO 2370</marc:subfield>
      <marc:subfield code="2">rvk</marc:subfield>
      <marc:subfield code="0">(DE-625)rvk/14124:</marc:subfield>
    </marc:datafield>
    <marc:datafield tag="100" ind1="1" ind2=" ">
      <marc:subfield code="a">Coyle, John Kevin</marc:subfield>
      <marc:subfield code="d">1943-2010</marc:subfield>
      <marc:subfield code="0">(DE-588)1044623934</marc:subfield>
      <marc:subfield code="0">(DE-627)772257922</marc:subfield>
      <marc:subfield code="0">(DE-576)160635365</marc:subfield>
      <marc:subfield code="4">aut</marc:subfield>
    </marc:datafield>
    <marc:datafield tag="245" ind1="1" ind2="0">
      <marc:subfield code="a">Augustine's 'De moribus ecclesiae catholicae'</marc:subfield>
      <marc:subfield code="b">a study of the work, its composition and its sources</marc:subfield>
      <marc:subfield code="c">John Kevin Coyle</marc:subfield>
    </marc:datafield>
    <marc:datafield tag="264" ind1=" " ind2="1">
      <marc:subfield code="a">Fribourg, Switzerland</marc:subfield>
      <marc:subfield code="b">Univ. Pr.</marc:subfield>
      <marc:subfield code="c">1978</marc:subfield>
    </marc:datafield>
    <marc:datafield tag="300" ind1=" " ind2=" ">
      <marc:subfield code="a">XXXVI, 466 S.</marc:subfield>
    </marc:datafield>
    <marc:datafield tag="336" ind1=" " ind2=" ">
      <marc:subfield code="a">Text</marc:subfield>
      <marc:subfield code="b">txt</marc:subfield>
      <marc:subfield code="2">rdacontent</marc:subfield>
    </marc:datafield>
    <marc:datafield tag="337" ind1=" " ind2=" ">
      <marc:subfield code="a">ohne Hilfsmittel zu benutzen</marc:subfield>
      <marc:subfield code="b">n</marc:subfield>
      <marc:subfield code="2">rdamedia</marc:subfield>
    </marc:datafield>
    <marc:datafield tag="338" ind1=" " ind2=" ">
      <marc:subfield code="a">Band</marc:subfield>
      <marc:subfield code="b">nc</marc:subfield>
      <marc:subfield code="2">rdacarrier</marc:subfield>
    </marc:datafield>
    <marc:datafield tag="490" ind1="1" ind2=" ">
      <marc:subfield code="a">Paradosis</marc:subfield>
      <marc:subfield code="v">25</marc:subfield>
    </marc:datafield>
    <marc:datafield tag="500" ind1=" " ind2=" ">
      <marc:subfield code="a">Literaturverz. S. XV - XXXVI</marc:subfield>
    </marc:datafield>
    <marc:datafield tag="583" ind1="1" ind2=" ">
      <marc:subfield code="a">Archivierung/Langzeitarchivierung gewährleistet</marc:subfield>
      <marc:subfield code="f">SSG</marc:subfield>
      <marc:subfield code="x">XA-DE-BW</marc:subfield>
      <marc:subfield code="2">pdager</marc:subfield>
      <marc:subfield code="5">DE-21</marc:subfield>
    </marc:datafield>
    <marc:datafield tag="600" ind1="1" ind2="7">
      <marc:subfield code="0">(DE-588)4348416-5</marc:subfield>
      <marc:subfield code="0">(DE-627)702599883</marc:subfield>
      <marc:subfield code="0">(DE-576)211497711</marc:subfield>
      <marc:subfield code="a">Augustinus, Aurelius</marc:subfield>
      <marc:subfield code="c">Heiliger</marc:subfield>
      <marc:subfield code="d">354-430</marc:subfield>
      <marc:subfield code="t">De disciplina christiana</marc:subfield>
      <marc:subfield code="2">gnd</marc:subfield>
    </marc:datafield>
    <marc:datafield tag="600" ind1="1" ind2="7">
      <marc:subfield code="0">(DE-588)4284508-7</marc:subfield>
      <marc:subfield code="0">(DE-627)104327146</marc:subfield>
      <marc:subfield code="0">(DE-576)210791640</marc:subfield>
      <marc:subfield code="a">Augustinus, Aurelius</marc:subfield>
      <marc:subfield code="c">Heiliger</marc:subfield>
      <marc:subfield code="d">354-430</marc:subfield>
      <marc:subfield code="t">De moribus contra Manichaeos conscripti</marc:subfield>
      <marc:subfield code="2">gnd</marc:subfield>
    </marc:datafield>
    <marc:datafield tag="689" ind1="0" ind2="0">
      <marc:subfield code="D">p</marc:subfield>
      <marc:subfield code="0">(DE-588)118505114</marc:subfield>
      <marc:subfield code="0">(DE-627)133773795</marc:subfield>
      <marc:subfield code="0">(DE-576)160124182</marc:subfield>
      <marc:subfield code="a">Augustinus, Aurelius</marc:subfield>
      <marc:subfield code="c">Heiliger</marc:subfield>
      <marc:subfield code="d">354-430</marc:subfield>
      <marc:subfield code="2">gnd</marc:subfield>
    </marc:datafield>
    <marc:datafield tag="689" ind1="0" ind2=" ">
      <marc:subfield code="5">(DE-627)</marc:subfield>
    </marc:datafield>
    <marc:datafield tag="830" ind1=" " ind2="0">
      <marc:subfield code="a">Paradosis</marc:subfield>
      <marc:subfield code="v">25</marc:subfield>
      <marc:subfield code="9">25</marc:subfield>
      <marc:subfield code="w">(DE-627)130183466</marc:subfield>
      <marc:subfield code="w">(DE-576)003830306</marc:subfield>
      <marc:subfield code="w">(DE-600)527177-0</marc:subfield>
      <marc:subfield code="x">1422-4402</marc:subfield>
      <marc:subfield code="7">am</marc:subfield>
    </marc:datafield>
    <marc:datafield tag="924" ind1="0" ind2=" ">
      <marc:subfield code="a">3142722440</marc:subfield>
      <marc:subfield code="b">DE-21</marc:subfield>
      <marc:subfield code="9">21</marc:subfield>
      <marc:subfield code="c">BSZ</marc:subfield>
      <marc:subfield code="d">c</marc:subfield>
      <marc:subfield code="g">19 A 11439</marc:subfield>
    </marc:datafield>
    <marc:datafield tag="924" ind1="0" ind2=" ">
      <marc:subfield code="a">3142722521</marc:subfield>
      <marc:subfield code="b">DE-21-35</marc:subfield>
      <marc:subfield code="9">21/35</marc:subfield>
      <marc:subfield code="c">BSZ</marc:subfield>
      <marc:subfield code="d">b</marc:subfield>
      <marc:subfield code="g">Vd 1.01-25</marc:subfield>
    </marc:datafield>
    <marc:datafield tag="924" ind1="0" ind2=" ">
      <marc:subfield code="a">3142722602</marc:subfield>
      <marc:subfield code="b">DE-25</marc:subfield>
      <marc:subfield code="9">25</marc:subfield>
      <marc:subfield code="c">BSZ</marc:subfield>
      <marc:subfield code="d">c</marc:subfield>
      <marc:subfield code="g">GE 79/3536</marc:subfield>
    </marc:datafield>
    <marc:datafield tag="924" ind1="0" ind2=" ">
      <marc:subfield code="a">3142722688</marc:subfield>
      <marc:subfield code="b">DE-25-156</marc:subfield>
      <marc:subfield code="9">25/156</marc:subfield>
      <marc:subfield code="c">BSZ</marc:subfield>
      <marc:subfield code="d">b</marc:subfield>
      <marc:subfield code="g">Frei 156</marc:subfield>
    </marc:datafield>
    <marc:datafield tag="924" ind1="0" ind2=" ">
      <marc:subfield code="a">3142722742</marc:subfield>
      <marc:subfield code="b">DE-352</marc:subfield>
      <marc:subfield code="9">352</marc:subfield>
      <marc:subfield code="c">BSZ</marc:subfield>
      <marc:subfield code="d">c</marc:subfield>
      <marc:subfield code="g">lat 910:a923:ym85/c69</marc:subfield>
    </marc:datafield>
    <marc:datafield tag="924" ind1="0" ind2=" ">
      <marc:subfield code="a">3142722793</marc:subfield>
      <marc:subfield code="b">DE-24</marc:subfield>
      <marc:subfield code="9">24</marc:subfield>
      <marc:subfield code="c">BSZ</marc:subfield>
      <marc:subfield code="d">c</marc:subfield>
      <marc:subfield code="g">29/19617</marc:subfield>
    </marc:datafield>
    <marc:datafield tag="924" ind1="0" ind2=" ">
      <marc:subfield code="a">3142722890</marc:subfield>
      <marc:subfield code="b">DE-16</marc:subfield>
      <marc:subfield code="9">16</marc:subfield>
      <marc:subfield code="c">BSZ</marc:subfield>
      <marc:subfield code="d">c</marc:subfield>
      <marc:subfield code="g">79 B 3583</marc:subfield>
    </marc:datafield>
    <marc:datafield tag="924" ind1="0" ind2=" ">
      <marc:subfield code="a">4231910332</marc:subfield>
      <marc:subfield code="b">DE-Tue135-4</marc:subfield>
      <marc:subfield code="9">Tü 135/4</marc:subfield>
      <marc:subfield code="c">BSZ</marc:subfield>
      <marc:subfield code="d">d</marc:subfield>
    </marc:datafield>
    <marc:datafield tag="924" ind1="0" ind2=" ">
      <marc:subfield code="a">3142722947</marc:subfield>
      <marc:subfield code="b">DE-Beu1</marc:subfield>
      <marc:subfield code="9">Beu 1</marc:subfield>
      <marc:subfield code="c">BSZ</marc:subfield>
      <marc:subfield code="d">a</marc:subfield>
      <marc:subfield code="g">8° Thu 568</marc:subfield>
    </marc:datafield>
    <marc:datafield tag="935" ind1=" " ind2=" ">
      <marc:subfield code="a">mteo</marc:subfield>
      <marc:subfield code="a">AUGU</marc:subfield>
    </marc:datafield>
    <marc:datafield tag="936" ind1="r" ind2="v">
      <marc:subfield code="a">BO 2060</marc:subfield>
      <marc:subfield code="b">Serien</marc:subfield>
      <marc:subfield code="k">Theologie und Religionswissenschaften</marc:subfield>
      <marc:subfield code="k">Patrologie und Kirchengeschichte</marc:subfield>
      <marc:subfield code="k">Kirchengeschichte nach Perioden</marc:subfield>
      <marc:subfield code="k">Alte Kirchengeschichte und Patrologie</marc:subfield>
      <marc:subfield code="k">Darstellungen:</marc:subfield>
      <marc:subfield code="k">Serien</marc:subfield>
      <marc:subfield code="0">(DE-627)1270744399</marc:subfield>
      <marc:subfield code="0">(DE-625)rvk/14087:</marc:subfield>
      <marc:subfield code="0">(DE-576)200744399</marc:subfield>
    </marc:datafield>
    <marc:datafield tag="936" ind1="r" ind2="v">
      <marc:subfield code="a">BO 2370</marc:subfield>
      <marc:subfield code="b">Nach Personen: im Westen</marc:subfield>
      <marc:subfield code="k">Theologie und Religionswissenschaften</marc:subfield>
      <marc:subfield code="k">Patrologie und Kirchengeschichte</marc:subfield>
      <marc:subfield code="k">Kirchengeschichte nach Perioden</marc:subfield>
      <marc:subfield code="k">Alte Kirchengeschichte und Patrologie</marc:subfield>
      <marc:subfield code="k">Von 313 bis Gregor der Große (ca. 604)</marc:subfield>
      <marc:subfield code="k">Kirchliches Schrifttum und Theologen</marc:subfield>
      <marc:subfield code="k">Nach Personen: im Westen</marc:subfield>
      <marc:subfield code="0">(DE-627)1270744658</marc:subfield>
      <marc:subfield code="0">(DE-625)rvk/14124:</marc:subfield>
      <marc:subfield code="0">(DE-576)200744658</marc:subfield>
    </marc:datafield>
    <marc:datafield tag="951" ind1=" " ind2=" ">
      <marc:subfield code="a">BO</marc:subfield>
    </marc:datafield>
  </marc:record>
</marc:collection>
